Álbum postal = A postcard album /

Bibliographic Details
Main Author: Masotta, Carlos
Format: Book
Language:Spanish
English
Language Notes:In Spanish and English.
Published: Buenos Aires : La Marca Editora, [2008]
Series:Colección Registro gráfico.
Subjects:

MARC

Tag First Indicator Second Indicator Subfields
LEADER 00000cam a2200000Ia 4500
001 in00002590113
005 20151201151010.0
008 091231s2008 ag a b 000 0 spa d
020 |a 9789508891631 
020 |a 9508891637 
035 |a (OCoLC)ocn495780521 
035 |a (OCoLC)495780521 
040 |a BTCTA  |b eng  |c BTCTA  |d YDXCP  |d CUV  |d TXA  |d UtOrBLW 
041 1 |a spa  |a eng  |h spa 
043 |a s-ag--- 
049 |a TXAM 
090 |a F2815  |b .M414 2008 
100 1 |a Masotta, Carlos. 
245 1 0 |a Álbum postal =  |b A postcard album /  |c Carlos Masotta ; [traducción al inglés, Wendy Gosselin]. 
246 3 1 |a Postcard album 
264 1 |a Buenos Aires :  |b La Marca Editora,  |c [2008] 
264 4 |c ©2008 
300 |a 501 pages :  |b illustrations ;  |c 15 cm. 
336 |a text  |b txt  |2 rdacontent 
337 |a unmediated  |b n  |2 rdamedia 
338 |a volume  |b nc  |2 rdacarrier 
490 1 |a Colección Registro gráfico 
546 |a In Spanish and English. 
504 |a Includes bibliographical references (pages 239, 359, 479, 501). 
651 0 |a Argentina  |v Pictorial works. 
651 0 |a Argentina  |x Description and travel. 
650 0 |a Indians of South America  |z Argentina  |v Pictorial works. 
650 0 |a Gauchos  |v Pictorial works. 
650 0 |a Postcards  |z Argentina  |x History  |y 20th century. 
650 0 |a Photography  |z Argentina  |x History  |y 20th century. 
830 0 |a Colección Registro gráfico. 
945 |a PromptCat  |b 987998 
946 |a stk 
947 |a A14840311927 
994 |a C0  |b TXA 
948 |a cataloged  |b h  |c 2010/6/18  |d c  |e agaffey  |f 1:21:25 pm 
999 |a MARS 
999 f f |s 8bd91b29-f473-3bd4-bd43-abb987d5d300  |i dbee7f1d-51eb-35f8-bd70-0ab7c3344c56  |t 0 
952 f f |p ric  |a Texas A&M University  |b Rellis Campus  |c Joint Library Facility  |d Remote Storage  |t 0  |e F2815 .M414 2008  |h Library of Congress classification  |i unmediated -- volume  |m A14840311927 
998 f f |a F2815 .M414 2008  |t 0  |l Remote Storage